Sports Quiz

Random Sports or NFL Quiz

Pro Football Hall of Famers: 21st Century Quiz Stats

 Plays Quiz Updated Feb 6, 2021

Support Sporcle.
Go Orange.
Score 0/128 Timer 15:00
4 Plays Today
Year Player % Correct
2021Peyton Manning
91.9%
2021Calvin Johnson
88.8%
2010Emmitt Smith
84.7%
2009Bruce Smith
84.3%
2010Jerry Rice
80%
2018Ray Lewis
76.3%
2021Charles Woodson
75.6%
2016Brett Favre
74.7%
2004Barry Sanders
74.7%
2011Deion Sanders
74.5%
2007Charlie Sanders
73.9%
2005Steve Young
73.6%
2019Ed Reed
73.1%
2014Andre Reed
72.4%
2018Randy Moss
72.1%
2004John Elway
71%
2005Dan Marino
71%
2006Troy Aikman
69.8%
2007Thurman Thomas
67.5%
2009Derrick Thomas
67.3%
2008Emmitt Thomas
67.1%
2017Jason Taylor
67%
2014Walter Jones
66.4%
2018Terrell Owens
66.2%
2019Tony Gonzalez
65.7%
2006Reggie White
64.8%
2017Kurt Warner
63.7%
2002Jim Kelly
63.5%
2020Cliff Harris
63.3%
2015Tim Brown
63%
2004Bob 'Boomer' Brown
62.7%
2008Darrell Green
62.7%
2021John Lynch
61.3%
2007Michael Irvin
59.6%
2016Marvin Harrison
59.4%
2017Terrell Davis
59.2%
2010Rickey Jackson
58.1%
2014Aeneas Williams
58%
2017LaDainian Tomlinson
57.9%
2018Brian Urlacher
56.8%
2011Marshall Faulk
56.8%
2013Larry Allen
55.4%
2003Marcus Allen
55.4%
Year Player % Correct
2013Cris Carter
55.1%
2020Isaac Bruce
54.1%
2006Warren Moon
52.3%
2009Rod Woodson
51.7%
2012Curtis Martin
51.5%
2021Drew Pearson
50.8%
2011Shannon Sharpe
50.5%
2021Alan Faneca
50.3%
2015Jerome Bettis
50.2%
2020Edgerrin James
50.2%
2020Troy Polamalu
49.9%
2014Ray Guy
49.9%
2013Warren Sapp
49.6%
2014Michael Strahan
45.9%
2017Morten Andersen
45.8%
2016Kevin Greene
45.6%
2016Orlando Pace
44.4%
2014Derrick Brooks
43.8%
2013Jonathan Ogden
42.4%
2015Junior Seau
41.7%
2007Bruce Matthews
40.7%
2008Art Monk
40.6%
2016Ken Stabler
39.2%
2018Brian Dawkins
38.6%
2019Ty Law
37.7%
2019Champ Bailey
37.5%
2020Steve Atwater
37%
2011Richard Dent
35.8%
2001Lynn Swann
35.6%
2010John Randle
35.5%
2012Dermontti Dawson
33.2%
2019Kevin Mawae
33%
2015Charles Haley
32.3%
2002John Stallworth
32.3%
2012Willie Roaf
31.9%
2012Cortez Kennedy
31.7%
2020Steve Hutchinson
31.5%
2003James Lofton
31.4%
2006Harry Carson
29.8%
2013Dave Robinson
29.6%
2019Johnny Robinson
29.5%
2002Dan Hampton
28.7%
2009Bob Hayes
28.2%
Year Player % Correct
2012Chris Doleman
28.2%
2015Will Shields
27.7%
2010Floyd Little
27.5%
2009Randall McDaniel
26.4%
2018Jerry Kramer
26.3%
2001Jackie Slater
26%
2020Donnie Shell
26%
2020Duke Slater
25.9%
2017Kenny Easley
25.9%
2002Dave Casper
25.8%
2020Winston Hill
25.6%
2001Mike Munchak
25.5%
2013Curley Culp
25.5%
2020Harold Carmichael
25.4%
2010Russ Grimm
25.3%
2008Gary Zimmerman
24.9%
2001Jack Youngblood
24.8%
2008Andre Tippett
24.1%
2004Carl Eller
23.2%
2010Dick LeBeau
22.7%
2006Rayfield Wright
22.5%
2008Fred Dean
22.4%
2001Nick Buoniconti
21.8%
2001Ron Yary
21.6%
2012Jack Butler
21.2%
2015Mick Tingelhoff
20.9%
2020Bobby Dillon
20.8%
2011Chris Hanburger
20.6%
2018Robert Brazile
20.1%
2003Elvin Bethea
20%
2014Claude Humphrey
20%
2007Roger Wehrli
19.4%
2020Alex Karras
19.2%
2020Jim Covert
18.7%
2020Mac Speedie
18.5%
2005Fritz Pollard
17.9%
2007Gene Hickerson
17.7%
2005Benny Friedman
17.4%
2016Dick Stanfel
17%
2020Ed Sprinkle
16.9%
2011Les Richter
16.4%
2003Joe DeLamielleure
16.2%

From the Vault

Historical Events of 1941

by eyedar

History 7m
For those that think this is a quiz about the 1979 Steven Spielberg comedy, we apologize.
Remove Ads.
Support Sporcle.
Get the best of Sporcle when you Go Orange. This ad-free experience offers more features, more stats, and more fun while also helping to support Sporcle. Thank you for becoming a member.

Show Comments

Extras

Top Quizzes Today


Score Distribution

Your Account Isn't Verified!

In order to create a playlist on Sporcle, you need to verify the email address you used during registration. Go to your Sporcle Settings to finish the process.

Report this User

Report this user for behavior that violates our Community Guidelines.

Details: